Spain EURO 2021 Squad - Statistics

General Stats
  • This quiz has been taken 71 times
  • The average score is 15 of 24
Answer Stats
Hint Answer % Correct
FW Álvaro Morata
96%
GK David De Gea
96%
MF Sergio Busquets
88%
GK Unai Simón
87%
FW Ferran Torres
83%
DF Jordi Alba
83%
DF Pau Torres
83%
MF Pedri
75%
MF Koke
73%
MF Rodri
67%
DF Aymeric Laporte
62%
DF Diego Llorente
62%
MF Marcos Llorente
62%
DF César Azpilicueta
60%
DF Eric García
54%
MF Dani Olmo
52%
FW Gerard Moreno
52%
MF Thiago Alcântara
52%
FW Mikel Oyarzabal
46%
GK Robert Sánchez
38%
FW Adama Traoré
33%
DF José Gayà
33%
MF Pablo Sarabia
31%
MF Fabián Ruiz
23%
No matching quizzes found
Score Distribution
Percent of People with Each Score
Percentile by Number Answered
Your Score History
You have not taken this quiz